00406nam a2200145Ia 4500003000900000008004100009040003300050041000800083080001100091100002800102245005600130260003500186300002300221650001600244LK-CoDNM010623t1923 xxu||||| |||| 00| 1 eng d aLK-CoDNMdLK-CoDNMeLK-CoDNM aeng a6 L.31 aHayley, Frederic Austic aA Treatise on the Laws and Customs of the Sinhalese bH.W. Cave Co. aColomboc1923 b679,xcviip., 25 cm aKandyan Law